Relaxation mechanism of rotational type in fracture of weld joints for austenic steels; Theoretical and Applied Fracture Mechanics; Vol. 29, iss. 2, June

Podrobná bibliografie
Parent link:Theoretical and Applied Fracture Mechanics.— , 1998
Vol. 29, iss. 2, June.— 1998.— P. 99-102
Další autoři: Panin V. E. Viktor Evgenyevich, Pleshanov V. S., Kobzeva S. A., Burkova S. P.
Shrnutí:Studied is the mesoscale behavior of plastic deformation and fracture of weld joints for austenic steels. Large-scale rotational modes of deformation in heat affected zones are identified with the first stage of formation of band structures; it is related to the "traveling neck" phenomenon in the base metal. The second stage is connected with crack generation and the state of affairs in the heart-affected zone
В фонде НТБ ТПУ отсутствует
Jazyk:angličtina
Vydáno: 1998
Témata:
Médium: MixedMaterials Kapitola
KOHA link:https://koha.lib.tpu.ru/cgi-bin/koha/opac-detail.pl?biblionumber=597691

MARC

LEADER 00000naa0a2200000 4500
001 597691
005 20250211092602.0
035 |a (RuTPU)RU\TPU\tpu\21058 
035 |a RU\TPU\tpu\21057 
090 |a 597691 
100 |a 20120424d1998 k||y0rusy50 ba 
101 0 |a eng 
200 1 |a Relaxation mechanism of rotational type in fracture of weld joints for austenic steels  |f V. E. Panin [et al.] 
330 |a Studied is the mesoscale behavior of plastic deformation and fracture of weld joints for austenic steels. Large-scale rotational modes of deformation in heat affected zones are identified with the first stage of formation of band structures; it is related to the "traveling neck" phenomenon in the base metal. The second stage is connected with crack generation and the state of affairs in the heart-affected zone 
333 |a В фонде НТБ ТПУ отсутствует 
461 |t Theoretical and Applied Fracture Mechanics  |d 1998 
463 |t Vol. 29, iss. 2, June  |v P. 99-102  |d 1998 
610 1 |a труды учёных ТПУ 
701 1 |a Panin  |b V. E.  |c Director of Russian materials science center  |c Research advisor of Institute of strength physics and materials science of Siberian branch of Russian Academy of Sciences  |f 1930-  |g Viktor Evgenyevich  |3 (RuTPU)RU\TPU\pers\26443 
701 1 |a Pleshanov  |b V. S. 
701 1 |a Kobzeva  |b S. A. 
701 1 |a Burkova  |b S. P. 
801 1 |a RU  |b 63413507  |c 20120422 
801 2 |a RU  |b 63413507  |c 20120424  |g RCR 
942 |c CR